Modern database management / (Record no. 7525)
[ view plain ]
| 000 -LEADER | |
|---|---|
| fixed length control field | 01640cam a2200241 4500 |
| 001 - CONTROL NUMBER | |
| control field | 8684 |
| 005 - DATE AND TIME OF LATEST TRANSACTION | |
| control field | 20181127190520.0 |
| 008 - FIXED-LENGTH DATA ELEMENTS--GENERAL INFORMATION | |
| fixed length control field | 071220s2009 njua b 001 0 eng |
| 010 ## - LIBRARY OF CONGRESS CONTROL NUMBER | |
| LC control number | 2007052276 |
| 020 ## - INTERNATIONAL STANDARD BOOK NUMBER | |
| International Standard Book Number | 9780136003915 |
| 082 00 - DEWEY DECIMAL CLASSIFICATION NUMBER | |
| Classification number | 005.74 |
| Edition number | 22 |
| 100 1# - MAIN ENTRY--PERSONAL NAME | |
| Personal name | Hoffer, Jeffrey A. |
| 245 10 - TITLE STATEMENT | |
| Title | Modern database management / |
| Statement of responsibility, etc. | Jeffrey A. Hoffer, Mary B. Prescott, Heikki Topi. |
| 250 ## - EDITION STATEMENT | |
| Edition statement | 9th ed. |
| 260 ## - PUBLICATION, DISTRIBUTION, ETC. | |
| Place of publication, distribution, etc. | Upper Saddle River, NJ : |
| Name of publisher, distributor, etc. | Pearson/Prentice Hall, |
| Date of publication, distribution, etc. | c2009. |
| 300 ## - PHYSICAL DESCRIPTION | |
| Extent | xl, 690 p. : |
| Other physical details | ill. ; |
| Dimensions | 29 cm. |
| 504 ## - BIBLIOGRAPHY, ETC. NOTE | |
| Bibliography, etc. note | Includes bibliographical references and index. |
| 505 ## - FORMATTED CONTENTS NOTE | |
| Formatted contents note | CONTENTS : Brief ContentsPart I The Context of Database Management1 The Database Environment 2 The Database Development Process Part II Database Analysis3 Modeling Data in the Organization 4 The Enhanced E-R Model and Business Rules Part III Database Design5 Logical Database Design and the Relational Model 6 Physical Database Design and Performance Part IV Implementation7 Introduction to SQL 8 Advanced SQL9 The Client/Server Database Environment 10 The Internet Database Environment 11 Data Warehousing Part V Advanced Database Topics12 Data Quality and Integration13 Data and Database Administration 14 Overview: Distributed Database15 Overview: Object-Oriented Data Modeling 16 Overview: Using Relational Databases to Provide Object Persistence AppendicesA E-R Modeling Tools and Notation B Advanced Normal Forms C Data Structures Glossary of Acronyms Glossary of Terms Index |
| Miscellaneous information | |
| Statement of responsibility | |
| Title | |
| 650 #0 - SUBJECT ADDED ENTRY--TOPICAL TERM | |
| Topical term or geographic name entry element | Database management. |
| 700 1# - ADDED ENTRY--PERSONAL NAME | |
| Personal name | Prescott, Mary B. |
| Personal name | Topi, Heikki. |
| Withdrawn status | Lost status | Source of classification or shelving scheme | Damaged status | Not for loan | Collection code | Home library | Current library | Shelving location | Serial Enumeration / chronology | Inventory number | Total Checkouts | Full call number | Barcode | Date last seen | Price effective from | Koha item type |
|---|---|---|---|---|---|---|---|---|---|---|---|---|---|---|---|---|
| Dewey Decimal Classification | Main TEST | RTC Library | RTC Library | Main opac | 13156 | 005.7 HOF | 30013494 | 27/11/2018 | 27/11/2018 | Main |